<?xml version="1.0" encoding="UTF-8"?>
<record
    xmlns:xsi="http://www.w3.org/2001/XMLSchema-instance"
    xsi:schemaLocation="http://www.loc.gov/MARC21/slim http://www.loc.gov/standards/marcxml/schema/MARC21slim.xsd"
    xmlns="http://www.loc.gov/MARC21/slim">

  <leader>00658nam a22001697a 4500</leader>
  <controlfield tag="003">SGT</controlfield>
  <datafield tag="020" ind1=" " ind2=" ">
    <subfield code="a">9788183711111</subfield>
  </datafield>
  <datafield tag="082" ind1=" " ind2=" ">
    <subfield code="a">363.7,NAM</subfield>
  </datafield>
  <datafield tag="100" ind1=" " ind2=" ">
    <subfield code="a">NAMBIAR,K RAGHAVAN</subfield>
  </datafield>
  <datafield tag="245" ind1=" " ind2=" ">
    <subfield code="a">TEXTBOOK OF ENVIRONMENTAL STUDIES</subfield>
    <subfield code="b">FOR UNDERGRADUATE COURSE AS PER UGC MODEL SYLLABUS</subfield>
  </datafield>
  <datafield tag="250" ind1=" " ind2=" ">
    <subfield code="a">2ND</subfield>
  </datafield>
  <datafield tag="260" ind1=" " ind2=" ">
    <subfield code="a">NEW DELHI</subfield>
    <subfield code="b">SCITECH PUBLICATION</subfield>
    <subfield code="c">2014</subfield>
  </datafield>
  <datafield tag="300" ind1=" " ind2=" ">
    <subfield code="a">V.P</subfield>
  </datafield>
  <datafield tag="650" ind1=" " ind2=" ">
    <subfield code="a">ENVIRONMENTAL STUDIES</subfield>
  </datafield>
  <datafield tag="653" ind1=" " ind2=" ">
    <subfield code="a">THE MULTIDISCIPLINARY NATURE OF ENVIRONMENTAL STUDIES, NATURAL RESOURCES, ECOSYSTEMS, BIODIVERSITY AND ITS CONSERVATION, ENVIRONMENTAL POLLUTION, SOCIAL ISSUES AND ENVIRONMENT, HUMAN POPULATION &amp; ENVIRONMENT, FIELD WORK </subfield>
  </datafield>
  <datafield tag="942" ind1=" " ind2=" ">
    <subfield code="2">ddc</subfield>
    <subfield code="c">FPS</subfield>
    <subfield code="0">4</subfield>
  </datafield>
  <datafield tag="952" ind1=" " ind2=" ">
    <subfield code="0">0</subfield>
    <subfield code="1">0</subfield>
    <subfield code="2">ddc</subfield>
    <subfield code="4">0</subfield>
    <subfield code="7">0</subfield>
    <subfield code="8">FS</subfield>
    <subfield code="a">SSSL</subfield>
    <subfield code="b">SSSL</subfield>
    <subfield code="c">DISPLAY</subfield>
    <subfield code="d">2016-07-01</subfield>
    <subfield code="e">AHUJA BOOKS</subfield>
    <subfield code="g">475.00</subfield>
    <subfield code="i">SGTU</subfield>
    <subfield code="l">21</subfield>
    <subfield code="m">1</subfield>
    <subfield code="o">363.7,NAM</subfield>
    <subfield code="p">PS1528</subfield>
    <subfield code="r">2023-01-19 00:00:00</subfield>
    <subfield code="s">2022-12-26</subfield>
    <subfield code="w">2016-03-16</subfield>
    <subfield code="y">FPS</subfield>
    <subfield code="k">6740</subfield>
  </datafield>
  <datafield tag="952" ind1=" " ind2=" ">
    <subfield code="0">0</subfield>
    <subfield code="1">0</subfield>
    <subfield code="2">ddc</subfield>
    <subfield code="4">0</subfield>
    <subfield code="7">1</subfield>
    <subfield code="8">FS</subfield>
    <subfield code="a">SSSL</subfield>
    <subfield code="b">SSSL</subfield>
    <subfield code="c">REF</subfield>
    <subfield code="d">2016-07-01</subfield>
    <subfield code="e">AHUJA BOOKS</subfield>
    <subfield code="g">475.00</subfield>
    <subfield code="i">SGTU</subfield>
    <subfield code="o">363.7,NAM</subfield>
    <subfield code="p">PS1529</subfield>
    <subfield code="r">2016-07-01 00:00:00</subfield>
    <subfield code="w">2016-03-16</subfield>
    <subfield code="y">FPS</subfield>
    <subfield code="k">6740</subfield>
  </datafield>
  <datafield tag="999" ind1=" " ind2=" ">
    <subfield code="c">9390</subfield>
    <subfield code="d">9390</subfield>
  </datafield>
</record>
